000 01197nam a2200325 a 4500
001 000025357
005 20250404101318.0
008 090720s2004 dr 000 0 spa d
020 _a1932271325
040 _aDO-SdBNP
_bspa
_cBNPHU
082 _a364.106
_bL864m, 2004
100 1 _aLópez Rojas, Luis A.
_d1961-
_912434
245 1 3 _aLa mafia en Puerto Rico :
_blas caras ocultas del desarrollo (1940-1972) /
_cLuis A. López Rojas.
250 _a2a ed.
260 _aSan Juan :
_bIsla Negra,
_c2004.
300 _a87 p. ;
_c22 cm.
490 1 _aVisiones y cegueras
500 _aBibliografía : p. 85-86
500 _aIncluye datos biográficos del autor en la solapa de la cubierta.
504 _aIncluye referencias bibliográficas y notas al pie de las páginas
650 4 _aMafia
_zPuerto Rico
_xHistoria
_951930
650 4 _aProstitución
_zPuerto Rico
_912437
650 4 _aJuegos de azar
_zPuerto Rico
_912438
650 0 _aNarcotráfico
_96030
651 4 _aPuerto Rico
_xCondiciones Económicas
_y1940-1972
_912439
651 4 _aPuerto Rico
_xHistoria
_y1940-1972
_912440
830 0 _aVisiones y cegueras
_91120
910 _aValidado. Control de calidad MFF
049 _aBNPD
999 _c24849
_d24849